<?xml version="1.0" encoding="UTF-8"?>
<record
    xmlns:xsi="http://www.w3.org/2001/XMLSchema-instance"
    xsi:schemaLocation="http://www.loc.gov/MARC21/slim http://www.loc.gov/standards/marcxml/schema/MARC21slim.xsd"
    xmlns="http://www.loc.gov/MARC21/slim">

  <leader>00454nam a22001697a 4500</leader>
  <controlfield tag="005">20240902111051.0</controlfield>
  <controlfield tag="008">240902b        |||||||| |||| 00| 0 eng d</controlfield>
  <datafield tag="020" ind1=" " ind2=" ">
    <subfield code="a">978-21-318-0859-7</subfield>
  </datafield>
  <datafield tag="041" ind1=" " ind2=" ">
    <subfield code="a">eng</subfield>
  </datafield>
  <datafield tag="082" ind1=" " ind2=" ">
    <subfield code="a">540</subfield>
  </datafield>
  <datafield tag="100" ind1=" " ind2=" ">
    <subfield code="a">VERMA,DR.N.K &amp; KHANNA, S.K. AND KAPILA, DR.B.</subfield>
    <subfield code="9">8494</subfield>
  </datafield>
  <datafield tag="245" ind1=" " ind2=" ">
    <subfield code="a">COMPREHENSIVE CHEMISTRY FOR CLASS XII </subfield>
  </datafield>
  <datafield tag="260" ind1=" " ind2=" ">
    <subfield code="a">BENGALURU</subfield>
    <subfield code="b">LAXMI PUBLICATION P. LTD.</subfield>
  </datafield>
  <datafield tag="300" ind1=" " ind2=" ">
    <subfield code="a">A.72;P</subfield>
  </datafield>
  <datafield tag="650" ind1=" " ind2=" ">
    <subfield code="a">BMLT</subfield>
    <subfield code="9">8487</subfield>
  </datafield>
  <datafield tag="942" ind1=" " ind2=" ">
    <subfield code="c">BK</subfield>
  </datafield>
  <datafield tag="999" ind1=" " ind2=" ">
    <subfield code="c">8626</subfield>
    <subfield code="d">8624</subfield>
  </datafield>
  <datafield tag="952" ind1=" " ind2=" ">
    <subfield code="0">0</subfield>
    <subfield code="1">0</subfield>
    <subfield code="4">0</subfield>
    <subfield code="7">0</subfield>
    <subfield code="8">Bachelor of Medical Laboratory Technology</subfield>
    <subfield code="a">JRU</subfield>
    <subfield code="b">JRU</subfield>
    <subfield code="c">SHELF-72-A</subfield>
    <subfield code="d">2024-08-30</subfield>
    <subfield code="e">PURCHASE</subfield>
    <subfield code="g">1149.00</subfield>
    <subfield code="h">NEW ARRIVALS SHELF</subfield>
    <subfield code="l">0</subfield>
    <subfield code="o">540</subfield>
    <subfield code="p">28387</subfield>
    <subfield code="r">2024-09-02 11:11:38</subfield>
    <subfield code="w">2024-08-30</subfield>
    <subfield code="y">BK</subfield>
  </datafield>
  <datafield tag="952" ind1=" " ind2=" ">
    <subfield code="0">0</subfield>
    <subfield code="1">0</subfield>
    <subfield code="4">0</subfield>
    <subfield code="7">0</subfield>
    <subfield code="8">PARAMEDICAL</subfield>
    <subfield code="a">JRU</subfield>
    <subfield code="b">JRU</subfield>
    <subfield code="c">SHELF-104-A</subfield>
    <subfield code="d">2024-08-30</subfield>
    <subfield code="e">PURCHASE</subfield>
    <subfield code="g">1149.00</subfield>
    <subfield code="l">2</subfield>
    <subfield code="o">540</subfield>
    <subfield code="p">28388</subfield>
    <subfield code="r">2025-12-03 12:59:09</subfield>
    <subfield code="s">2025-11-22</subfield>
    <subfield code="w">2024-08-30</subfield>
    <subfield code="y">BK</subfield>
  </datafield>
</record>
